Transfer of technology by multinational corporations
This book introduce transfer of technology by multinational corporations and absortive capacity of the developing countries. Relations of subsidiaries with the scientific technical and industrial environment in the host country...
محفوظ في:
| التنسيق: | كتاب |
|---|---|
| اللغة: | Undetermined |
| منشور في: |
Paris
Development Centre of the Organisation for Economic Cooperation and Development
1977
|
| الموضوعات: | |
| الوسوم: |
إضافة وسم
لا توجد وسوم, كن أول من يضع وسما على هذه التسجيلة!
|
| Thư viện lưu trữ: | Trung tâm Học liệu Trường Đại học Cần Thơ |
|---|
| LEADER | 00823nam a2200181Ia 4500 | ||
|---|---|---|---|
| 001 | CTU_228902 | ||
| 008 | 210402s9999 xx 000 0 und d | ||
| 082 | |a 338.4 | ||
| 082 | |b T772/Vol.1 | ||
| 245 | 0 | |a Transfer of technology by multinational corporations | |
| 245 | 0 | |c Edited by Dimitri Germidis | |
| 260 | |a Paris | ||
| 260 | |b Development Centre of the Organisation for Economic Cooperation and Development | ||
| 260 | |c 1977 | ||
| 520 | |a This book introduce transfer of technology by multinational corporations and absortive capacity of the developing countries. Relations of subsidiaries with the scientific technical and industrial environment in the host country... | ||
| 650 | |a Chuyển giao công nghệ,Technology transfer | ||
| 910 | |b dqhieu | ||
| 980 | |a Trung tâm Học liệu Trường Đại học Cần Thơ | ||